000 nam a22 7a 4500
999 _c8845
_d8845
008 180120b ||||| |||| 00| 0 eng d
100 _aSharma.J.etal.
_95168
245 _aScience and Technology
260 _aNew Delhi
_bNCERT
_c2003